00426 2200169 4500001002100000005001500021008004100036035001900077041000700096082001000103090001600113100002100129245004100150260002000191300002900211650001600240INLIS00000000000394020241224112822241224||||||||| | ||| |||| || |  0010-1224003940 aid0 a372.4 a372.4 NYO b0 aNyoman Sri Utami00aBuku Panduan Guru dan Kegiatan Siswa bUSAID Prioritas a44 hlm. : ilus, ; 30 cm. 0aIlmu Sosial